| 000 -LEADER |
| fixed length control field |
01158nam a2200241Ia 4500 |
| 001 - CONTROL NUMBER |
| control field |
4408 |
| 003 - CONTROL NUMBER IDENTIFIER |
| control field |
GE_BSU |
| 005 - DATE AND TIME OF LATEST TRANSACTION |
| control field |
20221010162709.0 |
| 008 - FIXED-LENGTH DATA ELEMENTS--GENERAL INFORMATION |
| fixed length control field |
181216s2005ru xx |||||||||||||| ||rus|| |
| 040 ## - CATALOGING SOURCE |
| Transcribing agency |
GE_BSU |
| 041 ## - LANGUAGE CODE |
| Language code of text/sound track or separate title |
rus |
| 080 ## - UNIVERSAL DECIMAL CLASSIFICATION NUMBER |
| Universal Decimal Classification number |
628.1+628.2(075.32) Г-60 |
| 100 ## - MAIN ENTRY--PERSONAL NAME |
| Personal name |
Зацепин,В.Н. |
| 9 (RLIN) |
15208 |
| 245 ## - TITLE STATEMENT |
| Title |
Курсовое и дипломное проектирование водопроводных и канализационных сетей и сооружений : |
| Remainder of title |
Учебник. / |
| Statement of responsibility, etc. |
Ю.В. Голик, В.И. Карасев. |
| 250 ## - EDITION STATEMENT |
| Edition statement |
изд. 2-е перераб. и доп. |
| 264 ## - PRODUCTION, PUBLICATION, DISTRIBUTION, MANUFACTURE, AND COPYRIGHT NOTICE |
| Place of production, publication, distribution, manufacture |
СПБ : |
| Name of producer, publisher, distributor, manufacturer |
Стройиздат, |
| Date of production, publication, distribution, manufacture, or copyright notice |
1973. |
| 300 ## - PHYSICAL DESCRIPTION |
| Extent |
216 стр. : |
| Other physical details |
21 см. |
| Dimensions |
с илл. |
| 653 ## - INDEX TERM--UNCONTROLLED |
| keyword |
Курсовое и дипломное проектирование водопроводных и канализационных сетей и сооружений. |
| 653 ## - INDEX TERM--UNCONTROLLED |
| keyword |
კორუფცია, როგორც სოციალური დეგრადაციის მექანიზმი |
| 653 ## - INDEX TERM--UNCONTROLLED |
| keyword |
სამართალი |
| 700 ## - ADDED ENTRY--PERSONAL NAME |
| Personal name |
Карасев,В.И. |
| 9 (RLIN) |
15209 |
| 942 ## - ADDED ENTRY ELEMENTS (KOHA) |
| Koha item type |
წიგნი |
| Source of classification or shelving scheme |
|